Celebrities Real Names - Statistics

General Stats
  • This quiz has been taken 38 times
  • The average score is 6 of 15
Answer Stats
Legal / Real Name Stage Name % Correct
Angelina Voight Angelina Jolie
97%
Norma Jean Mortensen Marilyn Monroe
83%
Reginald Kenneth Dwight Elton John
74%
Millie Bonnie Bongiovi Millie Bobby Brown
74%
Robyn Fenty Rihanna
63%
Onika Tanya Maraj-Petty Nicki Minaj
51%
Neta-Lee Herschlag Natalie Portman
37%
Peter Gene Hernandez Bruno Mars
29%
Eric Marlon Bishop Jamie Foxx
17%
Kayleigh Rose Amstutz Chappel Roan
14%
Charlotte Emma Aitchison Charli XCX
14%
Ella Marija Lani Yelchic-O'Conner Lorde
14%
David McDonald David Tennant
11%
Elizabeth Grant Lana Del Rey
11%
Christopher Breaux Frank Ocean
6%
No matching quizzes found
Score Distribution
Percent of People with Each Score
Percentile by Number Answered
Your Score History
You have not taken this quiz